Open Your Hymnal: (Record no. 11246)

MARC details
000 -LEADER
fixed length control field 00653nam a2200241 a 4500
001 - CONTROL NUMBER
control field 0001-1246
003 - CONTROL NUMBER IDENTIFIER
control field ELIB.Books
008 - FIXED-LENGTH DATA ELEMENTS--GENERAL INFORMATION
fixed length control field 150603 2010 eng
020 ## - INTERNATIONAL STANDARD BOOK NUMBER
International Standard Book Number 13:9780982206577
035 ## - SYSTEM CONTROL NUMBER
System control number (ELIB.Books)0001-1401
092 ## - LOCALLY ASSIGNED DEWEY CALL NUMBER (OCLC)
Classification number 264.23
Item number Loo
100 ## - MAIN ENTRY--PERSONAL NAME
Personal name Loock, Denise K.
245 ## - TITLE STATEMENT
Title Open Your Hymnal:
Remainder of title Devotions That Harmonize Scripture With Song
260 ## - PUBLICATION, DISTRIBUTION, ETC. (IMPRINT)
Place of publication, distribution, etc. Carolinas
Name of publisher, distributor, etc. Lighthouse Publishing
Date of publication, distribution, etc. 2010
300 ## - PHYSICAL DESCRIPTION
Extent 137
Dimensions 21.5 Cm
500 ## - GENERAL NOTE
General note C/o Moe Tarmalar Paw
650 ## - SUBJECT ADDED ENTRY--TOPICAL TERM
Topical term or geographic name as entry element Hymns
856 ## - ELECTRONIC LOCATION AND ACCESS
Name of location of host KBTS: Library
Uniform Resource Identifier <a href="KBTS: Elib">KBTS: Elib</a>
942 ## - ADDED ENTRY ELEMENTS (KOHA)
Source of classification or shelving scheme Dewey Decimal Classification
Koha item type Books
990 ## - EQUIVALENCES OR CROSS-REFERENCES [LOCAL, CANADA]
Link information for 9XX fields 2
998 ## - LOCAL CONTROL INFORMATION (RLIN)
Cataloger's initials, CIN (RLIN) bat
-- 2015-06-03
Holdings
Withdrawn status Lost status Source of classification or shelving scheme Damaged status Not for loan Home library Current library Date acquired Total Checkouts Barcode Date last seen Bill Date Koha item type
    Dewey Decimal Classification     Karen Baptist Theological Seminary Library Karen Baptist Theological Seminary Library 03/06/2015   15489, 15490 22/01/2022 22/01/2022 Books
Implemented & Customized by: BestBookBuddies

Powered by Koha